Geomatics Industry Association of Canada (Record no. 120005)

MARC details
000 -LEADER
fixed length control field 00794cam a2200181 4500
001 - CONTROL NUMBER
control field WS116512
008 - FIXED-LENGTH DATA ELEMENTS--GENERAL INFORMATION
fixed length control field 020128n 000 0 eng u
035 ## - SYSTEM CONTROL NUMBER
System control number (Sirsi) u116512
110 ## - MAIN ENTRY--CORPORATE NAME
Corporate name or jurisdiction name as entry element Geomatics Industry Association of Canada
9 (RLIN) 4191
245 ## - TITLE STATEMENT
Title Geomatics Industry Association of Canada
520 ## - SUMMARY, ETC.
Summary, etc. Web site for this organisation which describes itself as 'Canada's premier source of information on the geomatics sector'. Includes a definition of geomatics and a searchable list of GIAC member firms, government agencies and educational institutions.
650 ## - SUBJECT ADDED ENTRY--TOPICAL TERM
Topical term or geographic name entry element CANADA
650 ## - SUBJECT ADDED ENTRY--TOPICAL TERM
Topical term or geographic name entry element INTERNATIONAL
650 ## - SUBJECT ADDED ENTRY--TOPICAL TERM
Topical term or geographic name entry element CANADIAN ASSOCIATION OF AERIAL SURVEYORS
690 ## - LOCAL SUBJECT ADDED ENTRY--TOPICAL TERM (OCLC, RLIN)
Topical term or geographic name as entry element GEOMATICS
9 (RLIN) 6242
856 40 - ELECTRONIC LOCATION AND ACCESS
Uniform Resource Identifier <a href="https://www.giac.ca">https://www.giac.ca</a>
Public note View the website free of charge at www.giac.ca...
942 ## - ADDED ENTRY ELEMENTS (KOHA)
Suppress in OPAC 0
Holdings
Withdrawn status Lost status Source of classification or shelving scheme Damaged status Not for loan Home library Current library Shelving location Date acquired Total Checkouts Full call number Barcode Date last seen Copy number Price effective from Koha item type
    Dewey Decimal Classification     Virtual Virtual Online 28/01/2002   WEB SITE 116512-2001 06/08/2019 1 06/08/2019 Online material